00772nam a2200253Ia 4500008004000000020001500040041000800055082001700063100002400080245005800104260003000162300001200192650001100204650001500215650001100230650001800241650001300259650000800272650000600280690002800286906001100314999001900325952017400344210210b2007 xxu||||| |||| 00| 0 eng d a0415954193 aeng a327.101 ROAC aROACH (Steven C) Ed aCritical theory and international relations: a reader aNew YorkbRoutledgec2007 axxv,398 atheory arelations: areader ainternational aCritical aand aa aInternational Relations a064211 c140077d140077 001040708Political ScienceaALbALcPolitical Scienced2021-02-17eKnowledge World, Bangalore-18g795.00l0o327.101 ROACp064211r2021-02-17 00:00:00w2021-02-17yBK